| Tag |
First Indicator |
Second Indicator |
Subfields |
| LEADER |
00000pam a22000004a 4500 |
| 001 |
in00002010501 |
| 005 |
20151031143005.0 |
| 008 |
031104s2005 maua b 001 0 eng |
| 010 |
|
|
|a 2003024250
|
| 020 |
|
|
|a 1405103787 (pbk. : alk. paper)
|
| 035 |
|
|
|a (OCoLC)ocm53375956
|
| 040 |
|
|
|a DLC
|c DLC
|d TXA
|d UtOrBLW
|
| 042 |
|
|
|a pcc
|
| 049 |
|
|
|a TXAM
|
| 050 |
0 |
0 |
|a GN281
|b .L49 2005
|
| 082 |
0 |
0 |
|a 599.93/8
|2 22
|
| 100 |
1 |
|
|a Lewin, Roger.
|
| 245 |
1 |
0 |
|a Human evolution :
|b an illustrated introduction /
|c Roger Lewin.
|
| 250 |
|
|
|a 5th ed.
|
| 264 |
|
1 |
|a Malden, MA :
|b Blackwell,
|c 2005.
|
| 300 |
|
|
|a 277 pages :
|b illustrations ;
|c 28 cm.
|
| 336 |
|
|
|a text
|b txt
|2 rdacontent
|
| 337 |
|
|
|a unmediated
|b n
|2 rdamedia
|
| 338 |
|
|
|a volume
|b nc
|2 rdacarrier
|
| 504 |
|
|
|a Includes bibliographical references and index.
|
| 650 |
|
0 |
|a Human evolution.
|
| 856 |
4 |
1 |
|3 Table of contents
|u http://www.loc.gov/catdir/toc/ecip0411/2003024250.html
|t 0
|
| 948 |
|
|
|a cataloged
|b h
|c 2004/11/19
|d c
|e ceaton
|f 11:17:58 am
|
| 994 |
|
|
|a C0
|b TXA
|
| 999 |
|
|
|a MARS
|
| 999 |
f |
f |
|s f715db01-9617-3de7-bd4a-7b475572d236
|i f76b0b11-ed3f-3df7-b0f8-ece14a99b316
|t 0
|
| 952 |
f |
f |
|p ric
|a Texas A&M University
|b Rellis Campus
|c Joint Library Facility
|d Remote Storage
|t 0
|e GN281 .L49 2005
|h Library of Congress classification
|i unmediated -- volume
|m A14831627573
|
| 998 |
f |
f |
|a GN281 .L49 2005
|t 0
|l Remote Storage
|